| Tag |
First Indicator |
Second Indicator |
Subfields |
| LEADER |
00000cam a2200000Ia 4500 |
| 001 |
in00002180921 |
| 005 |
20151104055120.0 |
| 008 |
051222s2005 caua bt 000 0 eng d |
| 035 |
|
|
|a (OCoLC)ocm62734889
|
| 040 |
|
|
|a CBT
|c CBT
|d CBT
|d TXA
|d UtOrBLW
|
| 043 |
|
|
|a n-us-ca
|
| 049 |
|
|
|a TXAM
|
| 090 |
|
|
|a TE228.A1
|b P36 no.2005-30
|
| 100 |
1 |
|
|a Recker, Wilfred W.
|
| 245 |
1 |
2 |
|a A tool for the incorporation of non-recurrent congestion costs of freeway accidents in performance management /
|c Will Recker, Younshik Chung, Tom Golob.
|
| 264 |
|
1 |
|a Berkeley, Calif. :
|b California PATH Program, Institute of Transportation Studies, University of California at Berkeley,
|c [2005]
|
| 300 |
|
|
|a 41 pages :
|b illustrations ;
|c 28 cm.
|
| 336 |
|
|
|a text
|b txt
|2 rdacontent
|
| 337 |
|
|
|a unmediated
|b n
|2 rdamedia
|
| 338 |
|
|
|a volume
|b nc
|2 rdacarrier
|
| 490 |
1 |
|
|a California PATH research report,
|x 1055-1425 ;
|v UCB-ITS-PRR-2005-30
|
| 500 |
|
|
|a Performed in cooperation with the California Dept. of Transportation and the Federal Highway Administration.
|
| 500 |
|
|
|a "November 2005."
|
| 504 |
|
|
|a Includes bibliographical references (pages 39-41).
|
| 650 |
|
0 |
|a Traffic congestion
|z California
|x Mathematical models.
|
| 650 |
|
0 |
|a Traffic accidents
|z California
|x Mathematical models.
|
| 700 |
1 |
|
|a Chung, YounShik.
|
| 700 |
1 |
|
|a Golob, Thomas F.
|
| 710 |
1 |
|
|a California.
|b Department of Transportation.
|
| 710 |
2 |
|
|a University of California, Berkeley.
|b Institute of Transportation Studies.
|
| 710 |
2 |
|
|a Partners for Advanced Transit and Highways (Calif.)
|
| 830 |
|
0 |
|a PATH research report ;
|v UCB-ITS-PRR-2005-30.
|
| 994 |
|
|
|a C0
|b TXA
|
| 948 |
|
|
|a cataloged
|b h
|c 2006/6/26
|d c
|e blrosas
|f 9:40:19 am
|
| 999 |
|
|
|a MARS
|
| 999 |
f |
f |
|s ab0836a3-d3f2-3a34-b3ad-946c5b3ba2fb
|i ed4b2b5e-13c1-3231-bcc1-1ecf63062291
|t 0
|
| 952 |
f |
f |
|p ric
|a Texas A&M University
|b Rellis Campus
|c Joint Library Facility
|d Remote Storage
|t 0
|e TE228.A1 P36 no.2005-30
|h Library of Congress classification
|i unmediated -- volume
|m A14834525665
|
| 998 |
f |
f |
|a TE228.A1 P36 no.2005-30
|t 0
|l Remote Storage
|